000 00549nam a22002057a 4500
003 OSt
005 20140310182831.0
008 130603t xxu||||| |||| 00| 0 eng d
020 _a0131839349
050 _aPE 1131
_b.M723 2001
082 _aM 428.34
_bM576 2001
245 _aSide by Side Book 3
_cMolinsky, Steven J.
260 _aNew York
_bPrentice Hall Regents Addison Wesley Longman Inc.
_cc2001
300 _a156 p.
521 _acollege students
526 _c1210L-1700L
541 _j1
562 _e1
942 _2lcc
_cBK
_kM
999 _c16626
_d16626